| 000 | 00786nam a2200241 a 4500 | ||
|---|---|---|---|
| 001 | BRCA_7880 | ||
| 005 | 20190320210034.0 | ||
| 008 | 271213s2006----sp-#######---#000-0#spa-# | ||
| 020 | _a847788434X | ||
| 041 | _aspa | ||
| 044 | _asp | ||
| 050 | 4 |
_aPQ6352 _b.G35 2006 |
|
| 100 | 1 |
_aGallego Martínez, María Teresa _d1946- _919489 |
|
| 245 | 1 | 0 |
_aQuerido don Quijote _cMaría Teresa Gallego Martínez. |
| 260 |
_a[España] _bCastilla-La Mancha _c2006 |
||
| 300 |
_a249 p. _c24 cm. |
||
| 440 | 0 |
_aColección Creación literaria _919490 |
|
| 504 | _aBibliografía: p. 245-249 | ||
| 600 | 1 | 4 |
_aCervantes Saavedra, Miguel de _d1547-1616 _tEl Ingenioso Hidalgo Don Quijote de la Mancha _919491 |
| 740 | 0 | _aEl Ingenioso Hidalgo Don Quijote de la Mancha | |
| 902 | _aCERV | ||
| 942 |
_2lcc _cB |
||
| 999 |
_c7554 _d7554 |
||